Basic Electrical and Electronics Engineering (Record no. 231505)

MARC details
000 -LEADER
fixed length control field 00517nam a2200205Ia 4500
008 - FIXED-LENGTH DATA ELEMENTS--GENERAL INFORMATION
fixed length control field 240823s9999||||xx |||||||||||||| ||und||
020 ## - INTERNATIONAL STANDARD BOOK NUMBER
International Standard Book Number 0-19-948551-8
082 ## - DEWEY DECIMAL CLASSIFICATION NUMBER
-- 621.3 Q8
100 ## - MAIN ENTRY--PERSONAL NAME
Personal name Sukhija M S
245 #0 - TITLE STATEMENT
Title Basic Electrical and Electronics Engineering
250 ## - EDITION STATEMENT
Edition statement 1st
260 ## - PUBLICATION, DISTRIBUTION, ETC. (IMPRINT)
Date of publication, distribution, etc 2018
Name of publisher, distributor, etc Oxford University
500 ## - GENERAL NOTE
General note TRANSFERED
650 ## - SUBJECT ADDED ENTRY--TOPICAL TERM
Topical term or geographic name as entry element Electrical & Electronics
700 ## - ADDED ENTRY--PERSONAL NAME
Personal name Nagsarkar T K
942 ## - ADDED ENTRY ELEMENTS (KOHA)
Item type Books
Holdings
Withdrawn status Lost status Damaged status Permanent location Current location Shelving location Date acquired Source of acquisition Cost, normal purchase price Full call number Barcode Date last seen Koha item type
      CENTRAL LIBRARY, NOORUL ISLAM CENTRE FOR HIGHER EDUCATION CENTRAL LIBRARY, NOORUL ISLAM CENTRE FOR HIGHER EDUCATION   06/11/2019 Arthabodh 450.00 621.3 Q8 79615 08/23/2024 Books
Visitors:
Copyright © 2024 Central Library NICHE.  All rights reserved.